00465cam a22001097a 4500008004000000082001900040245011300059260006900172300001300241650004300254700005800297180718b1981 xxu||||| |||| 00| 0 eng d aL231x5412 N213 aProperty tax reform in West Bengal : final reportcby National Institute of Public Finance And Policy, India aNew DelhibNational Institute of Public Finance And Policyc1981 avi,451p. aReal Property - Taxation - West Bengal aIndia.National Institute of Public Finance and Policy